|
|
|
|
| LEADER |
00000nam a2200000 a 4500 |
| 001 |
vtls001425686 |
| 003 |
SK-MaSNL |
| 005 |
20260301120745.0 |
| 008 |
240318s2001 xo r 0 slo |
| 015 |
|
|
|a SNBA2004/09-05517
|
| 020 |
|
|
|a 8096851330
|
| 035 |
|
|
|a SNK000380595
|
| 035 |
|
|
|a urn:nbn:sk:snk-amknrf
|
| 035 |
|
|
|a urn:nbn:sk:snk-am003dao
|
| 035 |
|
|
|a 384A6BF0-C9CD-489C-818D-B63CD8409F3F
|
| 040 |
|
|
|a SNK
|b slo
|c SNK
|e AACR2
|
| 041 |
0 |
|
|a slo
|
| 044 |
|
|
|a xo
|c SK
|
| 072 |
|
7 |
|a 27-78
|x Kresťanské združenia, spolky a organizácie. Rehoľné rády
|2 konspekt
|
| 080 |
|
|
|a 27-4
|2 1981
|
| 080 |
|
|
|a 316.356.2-053.2
|2 1981
|
| 080 |
|
|
|a (0:82-4)
|2 1981
|
| 100 |
1 |
|
|a Calvo, Gabriel
|4 aut
|9 298579
|
| 240 |
1 |
0 |
|a Sons and daughters enconnter
|l Slovensky
|
| 245 |
1 |
0 |
|a Stretnutie synov a dcér
|b SSAD : manuál : po skúsenosti prosím vrátiť
|c Gabriel Calvo ; editori: Vladimír Ďurikovič, Mária Ďurikovičová ; [preklad: D. Kráľová]
|
| 250 |
|
|
|a [1. vyd.]
|
| 260 |
|
|
|a Bratislava
|b Hnutie kresťanských rodín na Slovensku
|c 2001
|
| 300 |
|
|
|a 52 s.
|c 20 cm
|
| 610 |
0 |
7 |
|a Stretnutie synov a dcér
|2 SNK
|9 463831
|
| 650 |
0 |
7 |
|a kresťanský život
|2 SNK
|9 1808
|
| 650 |
0 |
7 |
|a rodiny s deťmi
|x náboženské aspekty
|2 SNK
|9 463832
|
| 655 |
|
7 |
|a príručky
|2 SNK
|9 74364
|
| 700 |
1 |
|
|a Ďurikovič, Vladimír,
|d 1940-2021
|4 edt
|9 215013
|
| 700 |
1 |
|
|a Ďurikovičová, Mária,
|d 1942-2021
|4 edt
|9 214999
|
| 700 |
1 |
|
|a Kráľová, Dagmar,
|d 1958-
|4 trl
|9 198934
|
| 919 |
|
|
|a 80-968513-3-0
|
| 958 |
|
|
|a OP
|
| 958 |
|
|
|a US
|
| 958 |
|
|
|a NT
|
| 968 |
|
|
|b ENG
|d 2
|
| 999 |
|
|
|c 726964
|d 728894
|
| 952 |
|
|
|t P60, <03>, [BOOK], {603}
|a SNK
|b SNK
|y PREZ
|7 0
|p 17A0326018
|o snkSC 106805
|i snkKSP 13850/2001
|0 0
|1 0
|4 0
|d 2001-12-14
|f 1
|l 0
|r 2025-09-26 00:00:00
|w 2026-02-23
|
| 952 |
|
|
|t P60, <04>, [BOOK], {604}
|a SNK
|b SNK
|y VYP
|7 0
|p 17A0326019
|o snkSC 106805 D1
|i snkKSP 13851/2001
|0 0
|1 0
|4 0
|d 2001-12-14
|l 0
|r 2005-01-02 00:00:00
|w 2026-02-23
|